000 00794nas a2200277 4500
001 BR0401786
003 BR-BrBNA
005 20231205104432.0
007 ta
008 230509b bl.|||p| |||| 00| 00por d
040 _aBR-BrBNA
_bpor
_cBiblioteca Nacional de Agricultura
041 _a(Pt)
072 _aF62
100 1 _aFerreira, R.L.C.
100 1 _aSouza, A.L. de
100 1 _aJesus, R.M. de
245 1 _aTaxa de crescimento de uma floresta secundária de transição
650 _aFLORESTA SECUNDÁRIA
650 _aCRESCIMENTO
650 _aÁREA BASAL
650 _aCERRADO
650 _aMINAS GERAIS
773 0 _tRevista Árvore (Brazil)
_xISSN 0100-6762
_g(1998), v. 22(4) p. 451-461
_wBR0401786
909 _a202311
_bLúcia
_c55
_dLúcia Elande
942 _2AGRIS
_n0
_cANA
999 _c178128
_d178128